Introduction to the Study of the Law of Constitution (Record no. 289303)

000 -LEADER
fixed length control field 00257 a2200097 4500
001 - CONTROL NUMBER
control field 54230
090 ## - LOCALLY ASSIGNED LC-TYPE CALL NUMBER (OCLC); LOCAL CALL NUMBER (RLIN)
-- 33813
-- 33813
100 ## - MAIN ENTRY--PERSONAL NAME
Personal name Dicey,A.V
245 ## - TITLE STATEMENT
Title Introduction to the Study of the Law of Constitution
260 ## - PUBLICATION, DISTRIBUTION, ETC.
Place of publication, distribution, etc. ISLAMABAD
Name of publisher, distributor, etc. National Book Foundation
Date of publication, distribution, etc.
942 ## - ADDED ENTRY ELEMENTS (KOHA)
Institution code [OBSOLETE] NUST-CAE
Koha item type
--
Holdings
Withdrawn status Lost status Damaged status Not for loan Collection code Permanent Location Current Location Date acquired Total Checkouts Barcode Date last seen Price effective from Koha item type
          College of Aeronautical Engineering (CAE) College of Aeronautical Engineering (CAE) 04/03/2017   CAEN-4288 04/05/2017 04/05/2017 Book
© 2023 Central Library, National University of Sciences and Technology. All Rights Reserved.